Diseño del sistema de abastecimiento de agua potable para los barrios, Cruz Roja Francesa y Adic-Venancia, municipio de Matagalpa, departamento de Matagalpa

El estudio presenta el diseño de un sistema de abastecimiento de agua potable, proponiendo una alternativa que mejor se adapte según las necesidades del entorno, que sea óptimo, confiable. La construcción de este proyecto servirá para mejorar el nivel y calidad de vida de la población de los...

Full description

Bibliographic Details
Main Authors: Palacios Jarquín, Alex Israel, Cruz Stulzer, Xochielth Lisseth
Other Authors: Tutor: Pérez Blandón, Keyling Ninoska
Format: Tesis Section = Libro
Language:Undetermined
Spanish
Published: Managua UNI 2022
Subjects:
LEADER 01283nam a2200265Ia 4500
008 240830s9999 xx 000 0 und d
040 |a BIBLIOTECA-RUPAP/ Mon 628.1 P153 
041 |a spa 
082 |a Mon 628.1 P153 
100 1 |a Palacios Jarquín, Alex Israel 
100 1 |b Cruz Stulzer, Xochielth Lisseth 
245 1 0 |a Diseño del sistema de abastecimiento de agua potable para los barrios, Cruz Roja Francesa y Adic-Venancia, municipio de Matagalpa, departamento de Matagalpa 
260 |a Managua  |b UNI  |c 2022 
300 |a 101 p. :il. 
500 |a Contiene: anexos y CD. 
502 |a Tesis (Ingeniero Civil) - UNI, 2022. 
520 3 |a El estudio presenta el diseño de un sistema de abastecimiento de agua potable, proponiendo una alternativa que mejor se adapte según las necesidades del entorno, que sea óptimo, confiable. La construcción de este proyecto servirá para mejorar el nivel y calidad de vida de la población de los sectores beneficiados, logrando con ello un desarrollo económico y social de los barrio. 
650 7 |a AGUA POTABLE 
650 7 |b ABASTECIMIENTO DE AGUA 
650 7 |c  DISEÑO HIDRAULICO 
650 7 |d  CONSUMO DE AGUA 
700 1 |a Tutor:  |b Pérez Blandón, Keyling Ninoska 
942 |c BK  |2 ddc 
991 |a Tesis 
999 |c 27690